World Capitals Closest to Ljubljana - 30 Second Sprint - Statistics

General Stats
  • This quiz has been taken 41 times
  • The average score is 10 of 20
Answer Stats
km capital % Correct
117 Zagreb
88%
278 Vienna
81%
490 Rome
75%
393 Sarajevo
75%
485 Belgrade
72%
381 Budapest
69%
446 Prague
66%
550 Bern
59%
286 San Marino
59%
491 Vatican City
59%
305 Bratislava
56%
553 Podgorica
47%
401 Vaduz
47%
650 Pristina
41%
724 Berlin
34%
678 Tirana
34%
795 Sofia
28%
715 Skopje
25%
614 Monaco
22%
740 Luxembourg
3%
No matching quizzes found
Score Distribution
Percent of People with Each Score
Percentile by Number Answered
Your Score History
You have not taken this quiz